000 01595cam a2200373 a 4500
999 _c26261
_d26261
001 16724100
005 20170203144413.0
008 110406s2011 ilua 000 0 eng d
010 _a 2011377073
015 _aGBB098296
_2bnb
020 _a9780300167054 (pbk.)
020 _a0300167059 (pbk.)
035 _a(OCoLC)ocn685072528
042 _alccopycat
050 0 0 _aNA680 .R94 2011
100 1 _aRyan, Zoë.
245 1 0 _aHyperlinks :
_barchitecture and design /
_cZoë Ryan and Joseph Rosa.
246 3 0 _aArchitecture and design
250 _a1st ed.
260 _aChicago, Ill. :
_bArt Institute of Chicago ;
_aNew Haven, Conn. :
_bYale University Press,
_c2011.
300 _a1 v. (unpaged) :
_bill. (chiefly col.) ;
_c24 cm.
500 _aPublished in conjunction with an exhibition of the same title organized by and presented at the Art Institute of Chicago, Dec. 11, 2010-July 20, 2011.
650 0 _aArchitecture, Modern
_y20th century
_xThemes, motives.
650 0 _aArchitecture, Modern
_y21st century
_xThemes, motives.
650 0 _aDesign
_xHistory
_y20th century
_xThemes, motives.
650 0 _aDesign
_xHistory
_y21st century
_xThemes, motives.
700 1 _aRosa, Joseph.
710 2 _aArt Institute of Chicago.
942 _2lcc
_cBOOKS